U.S. Mountains By State - Statistics

General Stats
  • This quiz has been taken 36 times
  • The average score is 13 of 20
Answer Stats
Mountain Elevation State % Correct
Denali 20,310 ft Alaska
100%
Mount Rainier 14,417 ft Washington
100%
Mauna Kea 13,803 ft Hawaii
97%
Mount Whitney 14,505 ft California
91%
Mount Hood 11,249 ft Oregon
84%
Mount Elbert 14,440 ft Colorado
81%
Mount Washington 6,288 ft New Hampshire
75%
Gannett Peak 13,809 ft Wyoming
72%
Humphreys Peak 12,637 ft Arizona
66%
Wheeler Peak 13,167 ft New Mexico
66%
Mount Mitchell 6,684 ft North Carolina
66%
Kings Peak 13,534 ft Utah
63%
Borah Peak 12,668 ft Idaho
59%
Charleston Peak 11,916 ft Nevada
59%
Katahdin 5,270 ft Maine
56%
Mount Cleveland 10,479 ft Montana
53%
Spruce Knob 4,863 ft West Virginia
50%
Black Elk Peak 7,244 ft South Dakota
47%
Slide Mountain 4,180 ft New York
34%
Signal Hill / Mount Magazine 2,753 ft Arkansas
19%
No matching quizzes found
Score Distribution
Percent of People with Each Score
Percentile by Number Answered
Your Score History
You have not taken this quiz